000 00681nam a2200241Ia 4500
003 OSt
005 20221002053452.0
006 a|||||r|||| 00| 0
007 ta
008 220930b |||||||| |||| 00| 0 eng d
024 _a53245
037 _cReference Collections
040 _aCRL
_cCRL
_beng
041 _2eng
_aeng
082 _aR4, M7.1-.2(RR)
100 _aColby Anne
245 0 _aMeasurement of moral judgement
260 _aCambridge
_bCambridge University
_c1987
650 _aPHILOSOPHY
700 _a Kohlberg Lawrence
_980985
942 _hR4, M7.1-.2(RR)
_cref
_2CC
999 _c922319
_d922319